Pays les plus visités par les suédois - Statistiques

Statistiques générales
  • Ce quiz a été pris 11 682 fois
  • Le résultat moyen est 10 sur 12
Statistiques - réponses
# voyages Pays % Correct
578 000 France
100%
2 040 000 Espagne
96%
916 000 Norvège
96%
534 000 Etats-Unis
95%
1 140 000 Finlande
95%
792 000 Allemagne
94%
596 000 Italie
92%
1 180 000 Danemark
90%
831 000 Royaume-Uni
89%
626 000 Grèce
71%
728 000 Turquie
52%
344 000 Thaïlande
25%
Aucun quiz correspondant
Distribution des résultats
% des personnes avec chaque résultat
Percentile par nombre de réponses
Votre historique - résultats
Vous n’avez pas pris ce quiz